000 01371cad a22002415a 4500
001 L150144
008 100318s2010 xxkd f s 000 0 eng d
035 _a(Sirsi) u150144
041 0 _aeng
050 0 4 _a333.33 $2 18
110 2 _aColliers CRE
_95075
245 0 0 _aProperty Snapshot
_bMay 2010
_h[electronic resource]
260 _aLondon
_bColliers
_c2010
490 0 _aProperty Snapshot
_vMay 2010
520 _aUK economy continues to show positive signs of recovery. Post election economic weakness could create increased price sensitivity in secondary market segments. Discounting remains fundamental to retail performance as customers remain price sensitive. The office leasing market might be taking a collective breath. Election is being used as an excuse to postpone decisions at the larger end of the logistics and industrial market. House price movements remain sensitive to underlying fundamentals.
590 _aKA
650 2 4 _aCOLLIERS PROPERTY SNAPSHOT
651 4 _aUnited Kingdom
_y
690 _aPROPERTY-COMMERCIAL PROPERTY-COMMERCIAL PROPERTY MARKET
690 _aPROPERTY-COMMERCIAL PROPERTY-COMMERCIAL PROPERTY FINANCE AND INVESTMENT
856 4 0 _uhttps://www.colliers.com/Markets/UK/content/MarketReports/MarketOverviewReports/Property_Snapshot_May_10.pdf
_zView this report free of charge (PDF file) at www.colliers.com
942 _n0
999 _c110752
_d110752